[Event "Titled Tuesday intern op 15th Nov Late"]
[Site "Chess.com INT"]
[Date "2022.11.15"]
[Round "4"]
[White "Bulgurlu, Okan"]
[Black "Sreyas, Payyappat"]
[Result "0-1"]
[WhiteElo "1948"]
[BlackElo "2145"]
[PlyCount "74"]
[EventDate "2022.11.15"]
[EventType "swiss (blitz)"]
[EventRounds "11"]
[EventCountry "USA"]
[SourceTitle "CBM 211 Extra"]
[Source "ChessBase"]
[SourceDate "2023.01.31"]
[SourceVersion "1"]
[SourceVersionDate "2023.01.31"]
[SourceQuality "1"]

1. e4 c6 2. Nf3 d5 3. d3 dxe4 4. dxe4 Qxd1+ 5. Kxd1 Bg4 6. Be2 Nd7 7. Be3 0-0-0 8. Nbd2 Ngf6 9. h3 Bxf3 10. Bxf3 e5 11. Ke2 Bc5 12. Nc4 Bxe3 13. Nxe3 Nc5 14. Nf5 Ncxe4 15. Nxg7 Ng5 16. Rad1 Nxf3 17. Kxf3 e4+ 18. Ke3 Rxd1 19. Rxd1 Rg8 20. Nf5 Rxg2 21. Nd6+ Kc7 22. Nxf7 Rh2 23. Ng5 h6 24. Nxe4 Rxh3+ 25. f3 Nd5+ 26. Ke2 Rh2+ 27. Nf2 h5 28. c4 Nf4+ 29. Ke3 Ng2+ 30. Ke2 Nf4+ 31. Ke3 Nh3 32. Nd3 h4 33. f4 Rg2 34. Rh1 Rg3+ 35. Ke4 Rxd3 36. f5 Nf2+ 37. Kf4 Nxh1 0-1

[Event "Titled Tuesday intern op 15th Nov Late"]
[Site "Chess.com INT"]
[Date "2022.11.15"]
[Round "1"]
[White "Domingo Nunez, Alejandro"]
[Black "Bulgurlu, Okan"]
[Result "1-0"]
[WhiteElo "2342"]
[BlackElo "1948"]
[PlyCount "81"]
[EventDate "2022.11.15"]
[EventType "swiss (blitz)"]
[EventRounds "11"]
[EventCountry "USA"]
[SourceTitle "CBM 211 Extra"]
[Source "ChessBase"]
[SourceDate "2023.01.31"]
[SourceVersion "1"]
[SourceVersionDate "2023.01.31"]
[SourceQuality "1"]

1. Nf3 c5 2. g3 d5 3. Bg2 Nf6 4. 0-0 Nc6 5. d4 cxd4 6. Nxd4 e5 7. Nxc6 bxc6 8. c4 Be6 9. Nc3 Be7 10. cxd5 cxd5 11. Bg5 e4 12. Qa4+ Qd7 13. Qxd7+ Nxd7 14. Bxe7 Kxe7 15. Rfd1 Nb6 16. Nb5 Rhc8 17. Rac1 Rxc1 18. Rxc1 a6 19. Nd4 Rc8 20. Rxc8 Bxc8 21. b3 Kd6 22. Bf1 g6 23. e3 Nd7 24. Be2 Ne5 25. Kf1 Kc5 26. a3 Nc6 27. b4+ Kd6 28. Nb3 a5 29. Nxa5 Nxa5 30. bxa5 Kc5 31. Ke1 d4 32. exd4+ Kxd4 33. Kd2 f5 34. Bb5 Bb7 35. a6 Ba8 36. Bd7 Kc5 37. Bc8 Kb6 38. Ke3 g5 39. Bxf5 Kxa6 40. Bxe4 Bxe4 41. Kxe4 1-0

[Event "Titled Tuesday intern op 15th Nov Late"]
[Site "Chess.com INT"]
[Date "2022.11.15"]
[Round "3"]
[White "Dudzinski, Pawel"]
[Black "Bulgurlu, Okan"]
[Result "0-1"]
[WhiteElo "2186"]
[BlackElo "1948"]
[PlyCount "68"]
[EventDate "2022.11.15"]
[EventType "swiss (blitz)"]
[EventRounds "11"]
[EventCountry "USA"]
[SourceTitle "CBM 211 Extra"]
[Source "ChessBase"]
[SourceDate "2023.01.31"]
[SourceVersion "1"]
[SourceVersionDate "2023.01.31"]
[SourceQuality "1"]

1. e4 c5 2. Nc3 d6 3. g3 Nf6 4. Bg2 g6 5. d3 Bg7 6. h3 0-0 7. Be3 Nc6 8. f4 Nd4 9. Qd2 Rb8 10. Nd1 e5 11. c3 Nc6 12. Ne2 d5 13. Bxc5 Re8 14. exd5 Nxd5 15. 0-0 b6 16. Ba3 Bb7 17. f5 Nc7 18. g4 e4 19. d4 Nb5 20. Ng3 Nxa3 21. bxa3 Nxd4 22. cxd4 Bxd4+ 23. Ne3 Bxa1 24. Qxd8 Rbxd8 25. Rxa1 Rd3 26. Re1 Rxa3 27. f6 h6 28. Kh2 Rxa2 29. Kh1 b5 30. h4 b4 31. Nc4 Re6 32. Rb1 a5 33. g5 hxg5 34. hxg5 Bd5 0-1

[Event "Titled Tuesday intern op 18th Oct Late"]
[Site "Chess.com INT"]
[Date "2022.10.18"]
[Round "2"]
[White "Bulgurlu, Okan"]
[Black "Goncalves, Davi Sulzbacher"]
[Result "0-1"]
[WhiteElo "1948"]
[BlackElo "2282"]
[PlyCount "36"]
[EventDate "2022.10.18"]
[EventType "swiss (blitz)"]
[EventRounds "11"]
[EventCountry "USA"]
[SourceTitle "EXT 2024"]
[Source "ChessBase"]
[SourceDate "2023.10.10"]
[SourceVersion "1"]
[SourceVersionDate "2023.10.10"]
[SourceQuality "1"]

1. e4 c6 2. b3 d5 3. exd5 cxd5 4. Bb2 Nf6 5. g3 Nc6 6. Bg2 Bf5 7. Ne2 e6 8. 0-0 Bc5 9. d3 0-0 10. Nd2 Qe7 11. a3 a5 12. h3 Bg6 13. Re1 Qc7 14. Nf4 Rfe8 15. Bxf6 gxf6 16. h4 h6 17. Nxg6 Qxg3 18. Qg4 Qxg4 0-1

[Event "Titled Tuesday intern op 18th Oct Late"]
[Site "Chess.com INT"]
[Date "2022.10.18"]
[Round "4"]
[White "Can, Melih Kaan"]
[Black "Bulgurlu, Okan"]
[Result "0-1"]
[WhiteElo "2093"]
[BlackElo "1948"]
[PlyCount "126"]
[EventDate "2022.10.18"]
[EventType "swiss (blitz)"]
[EventRounds "11"]
[EventCountry "USA"]
[SourceTitle "EXT 2024"]
[Source "ChessBase"]
[SourceDate "2023.10.10"]
[SourceVersion "1"]
[SourceVersionDate "2023.10.10"]
[SourceQuality "1"]

1. e4 c5 2. Nf3 g6 3. c3 d5 4. exd5 Qxd5 5. d4 Nc6 6. Be3 cxd4 7. cxd4 e5 8. Nc3 Bb4 9. dxe5 Qa5 10. Qb3 Be6 11. Bc4 Bxc4 12. Qxc4 Nge7 13. 0-0 0-0 14. Qh4 Nf5 15. Qf6 Be7 16. Qxf5 gxf5 17. Rfe1 Nb4 18. Bh6 Rfd8 19. Re2 Rd3 20. Rae1 Rad8 21. e6 f6 22. a3 Nd5 23. Bd2 Nxc3 24. Bxc3 Qd5 25. Nd2 Bxa3 26. Bxf6 Rxd2 27. Re5 Rd1 28. Bxd8 Qxd8 29. bxa3 Rxe1+ 30. Rxe1 Qe7 31. Re3 Kg7 32. f4 Qc5 33. Kf2 Qc2+ 34. Kf3 Qd1+ 35. Kf2 Qd2+ 36. Kf3 Qd5+ 37. Kf2 Kf8 38. e7+ Ke8 39. h3 b5 40. g4 fxg4 41. hxg4 a5 42. f5 Qd4 43. Kf3 b4 44. axb4 axb4 45. g5 Qh4 46. f6 Qh5+ 47. Kf4 Qg6 48. Rg3 h6 49. Rg4 hxg5+ 50. Ke5 Kf7 51. Rxb4 Qxf6+ 52. Kd5 Qxe7 53. Rc4 Qe6+ 54. Kd4 Kf6 55. Rc3 Qe5+ 56. Kd3 Kf5 57. Rc2 Qe4+ 58. Kd2 Qxc2+ 59. Kxc2 Kf4 60. Kd2 Kg3 61. Ke1 Kh2 62. Kf1 g4 63. Kf2 g3+ 0-1

[Event "Titled Tuesday intern op 18th Oct Late"]
[Site "Chess.com INT"]
[Date "2022.10.18"]
[Round "8"]
[White "Kirillov, Dmitry1111"]
[Black "Bulgurlu, Okan"]
[Result "0-1"]
[WhiteElo "2195"]
[BlackElo "1948"]
[PlyCount "76"]
[EventDate "2022.10.18"]
[EventType "swiss (blitz)"]
[EventRounds "11"]
[EventCountry "USA"]
[SourceTitle "EXT 2024"]
[Source "ChessBase"]
[SourceDate "2023.10.10"]
[SourceVersion "1"]
[SourceVersionDate "2023.10.10"]
[SourceQuality "1"]

1. e4 c6 2. d4 d5 3. Nc3 dxe4 4. Nxe4 Nf6 5. Nxf6+ exf6 6. c3 c5 7. Nf3 cxd4 8. cxd4 Bd6 9. Be2 0-0 10. 0-0 Nc6 11. Be3 Bf5 12. Rc1 Rc8 13. a3 Re8 14. Re1 Bb8 15. d5 Ne5 16. Nd4 Be4 17. Rxc8 Qxc8 18. Nf3 Ng4 19. Qd4 Be5 20. Qxe4 Bxh2+ 21. Nxh2 Rxe4 22. Nxg4 Rxg4 23. Rc1 Qd7 24. Bxg4 Qxg4 25. d6 h5 26. f3 Qe6 27. Bf4 g5 28. Bd2 Qxd6 29. Bc3 g4 30. Kf2 Qc5+ 31. Kg3 gxf3 32. Kxf3 Qf5+ 33. Ke2 Qe4+ 34. Kd1 Qxg2 35. Rc2 Qf1+ 36. Kd2 h4 37. Ke3 h3 38. Bd4 Qe1+ 0-1

[Event "Titled Tuesday intern op 04th Oct Late"]
[Site "Chess.com INT"]
[Date "2022.10.04"]
[Round "5"]
[White "Grigorov, Grigor"]
[Black "Bulgurlu, Okan"]
[Result "1-0"]
[WhiteElo "2512"]
[BlackElo "1948"]
[PlyCount "79"]
[EventDate "2022.10.04"]
[EventType "swiss (blitz)"]
[EventRounds "11"]
[EventCountry "USA"]
[SourceTitle "EXT 2023"]
[Source "ChessBase"]
[SourceDate "2022.10.05"]
[SourceVersion "1"]
[SourceVersionDate "2022.10.05"]
[SourceQuality "1"]

1. Nf3 d5 2. g3 Nf6 3. Bg2 g6 4. b3 Bg7 5. Bb2 0-0 6. 0-0 c6 7. c4 dxc4 8. bxc4 Nbd7 9. d3 Re8 10. Nbd2 e5 11. Qc2 Qc7 12. Rab1 Nc5 13. Ba3 Ne6 14. e3 Nd7 15. Ne4 Bf8 16. Bxf8 Kxf8 17. c5 Rd8 18. d4 exd4 19. exd4 f5 20. Nd6 Nf6 21. Rfe1 Rxd6 22. cxd6 Qxd6 23. d5 cxd5 24. Qb2 Nc5 25. Ne5 Nce4 26. Rbc1 Be6 27. f3 Nc5 28. Nxg6+ Kg7 29. Nf4 Bf7 30. Qd4 b6 31. Re5 Re8 32. Rce1 Rxe5 33. Rxe5 Ne6 34. Rxe6 Bxe6 35. Nh5+ Kg6 36. Qxf6+ Kxh5 37. g4+ fxg4 38. fxg4+ Kxg4 39. Bf3+ Kh3 40. Qh6# 1-0

[Event "Titled Tuesday intern op 04th Oct Late"]
[Site "Chess.com INT"]
[Date "2022.10.04"]
[Round "2"]
[White "Meunier Pion, Jean"]
[Black "Bulgurlu, Okan"]
[Result "1-0"]
[WhiteElo "2175"]
[BlackElo "1948"]
[PlyCount "59"]
[EventDate "2022.10.04"]
[EventType "swiss (blitz)"]
[EventRounds "11"]
[EventCountry "USA"]
[SourceTitle "EXT 2023"]
[Source "ChessBase"]
[SourceDate "2022.10.05"]
[SourceVersion "1"]
[SourceVersionDate "2022.10.05"]
[SourceQuality "1"]

1. e4 c5 2. Nf3 g6 3. d4 cxd4 4. Nxd4 Nc6 5. c4 Bg7 6. Be3 Qb6 7. Nb5 Qa5+ 8. N1c3 a6 9. Nd4 Nf6 10. f3 Qb6 11. Nf5 Qxb2 12. Nxg7+ Kf8 13. Na4 Qb4+ 14. Bd2 Qa3 15. Bh6 b5 16. Nc5 Qc3+ 17. Kf2 Ng8 18. Nge6+ Ke8 19. Bg7 fxe6 20. Bxc3 b4 21. Bxh8 d6 22. Nb3 Bd7 23. c5 dxc5 24. Nxc5 Rd8 25. Nxa6 Ne5 26. Nc7+ Kf7 27. Bxe5 Ba4 28. Qxd8 Nf6 29. Bxf6 exf6 30. Bc4 1-0

[Event "Titled Tuesday intern op 04th Oct Late"]
[Site "Chess.com INT"]
[Date "2022.10.04"]
[Round "10"]
[White "Osmonbekov, Talaibek D"]
[Black "Bulgurlu, Okan"]
[Result "0-1"]
[WhiteElo "2137"]
[BlackElo "1948"]
[PlyCount "64"]
[EventDate "2022.10.04"]
[EventType "swiss (blitz)"]
[EventRounds "11"]
[EventCountry "USA"]
[SourceTitle "EXT 2023"]
[Source "ChessBase"]
[SourceDate "2022.10.05"]
[SourceVersion "1"]
[SourceVersionDate "2022.10.05"]
[SourceQuality "1"]

1. d4 d5 2. Bf4 e6 3. Nc3 Bd6 4. e3 Bxf4 5. exf4 Ne7 6. Nf3 0-0 7. Bd3 Nd7 8. 0-0 Ng6 9. f5 exf5 10. Nxd5 Nf6 11. Ne3 Ne4 12. c3 Re8 13. Nc4 Be6 14. Re1 Nf4 15. Nce5 f6 16. Nc4 c5 17. Bf1 b5 18. Ne3 c4 19. a4 a6 20. d5 Bd7 21. Nd4 Qb6 22. g3 Ng6 23. axb5 axb5 24. Qc2 Ne5 25. Rxa8 Rxa8 26. Nexf5 Nc5 27. Bg2 Ncd3 28. Rb1 Ng4 29. h3 Ngxf2 30. d6 Re8 31. Ne7+ Kh8 32. Rf1 Qxd6 0-1

[Event "Titled Tuesday intern op 04th Oct Late"]
[Site "Chess.com INT"]
[Date "2022.10.04"]
[Round "8"]
[White "Sadovsky, Artem"]
[Black "Bulgurlu, Okan"]
[Result "1-0"]
[WhiteElo "2276"]
[BlackElo "1948"]
[PlyCount "133"]
[EventDate "2022.10.04"]
[EventType "swiss (blitz)"]
[EventRounds "11"]
[EventCountry "USA"]
[SourceTitle "EXT 2023"]
[Source "ChessBase"]
[SourceDate "2022.10.05"]
[SourceVersion "1"]
[SourceVersionDate "2022.10.05"]
[SourceQuality "1"]

1. f4 d5 2. Nf3 c5 3. g3 Nc6 4. Bg2 Nf6 5. 0-0 g6 6. d3 Bg7 7. Nc3 d4 8. Na4 Nd7 9. c4 0-0 10. e4 dxe3 11. Bxe3 b6 12. d4 Ba6 13. b3 cxd4 14. Nxd4 Nxd4 15. Bxd4 Rb8 16. Bxg7 Kxg7 17. Qd4+ Nf6 18. Rad1 Qxd4+ 19. Rxd4 Rfd8 20. Rfd1 Rxd4 21. Rxd4 Bb7 22. Nc3 Bxg2 23. Kxg2 Rc8 24. Kf3 Rc5 25. g4 e5 26. Rd6 Ra5 27. a4 exf4 28. Kxf4 Rc5 29. Nb5 g5+ 30. Kf3 a6 31. Nd4 Re5 32. Rxb6 h5 33. h3 hxg4+ 34. hxg4 Ne4 35. Nf5+ Kg8 36. Rb8+ Kh7 37. Rb6 Nd2+ 38. Kf2 Ne4+ 39. Ke3 Ng3+ 40. Kd4 Re4+ 41. Kd5 Rxg4 42. Rh6+ Kg8 43. Nxg3 Rxg3 44. b4 Ra3 45. b5 Rxa4 46. b6 Rb4 47. c5 g4 48. Rh4 a5 49. Kc6 a4 50. b7 a3 51. Rxg4+ Rxg4 52. b8Q+ Kg7 53. Qe5+ Kh6 54. Qh8+ Kg5 55. Qa1 Rg3 56. Kd5 Kf5 57. c6 Rd3+ 58. Kc4 Rd6 59. Kc5 Rd3 60. c7 Rd2 61. Qb1+ Kf6 62. c8Q a2 63. Qh8+ Ke6 64. Qe1+ Kd7 65. Qhe8+ Kc7 66. Q1e7+ Rd7 67. Q7xd7# 1-0

[Event "Titled Tuesday intern op 13th Sep Late"]
[Site "Chess.com INT"]
[Date "2022.09.13"]
[Round "9"]
[White "Bulgurlu, Okan"]
[Black "Buchenau, Frank"]
[Result "1-0"]
[WhiteElo "1980"]
[BlackElo "2218"]
[PlyCount "73"]
[EventDate "2022.09.13"]
[EventType "swiss (blitz)"]
[EventRounds "11"]
[EventCountry "USA"]
[SourceTitle "EXT 2023"]
[Source "ChessBase"]
[SourceDate "2022.10.05"]
[SourceVersion "1"]
[SourceVersionDate "2022.10.05"]
[SourceQuality "1"]

1. d4 e6 2. Nc3 Nf6 3. Bf4 d5 4. Nb5 Na6 5. e3 c6 6. Nc3 Be7 7. Nf3 0-0 8. h3 c5 9. Bxa6 bxa6 10. Ne5 Qb6 11. Na4 Qa5+ 12. c3 Bb7 13. Nxc5 Bxc5 14. dxc5 Qxc5 15. 0-0 a5 16. b4 Qxc3 17. Rc1 Qxb4 18. Rc7 Rac8 19. Qc2 Ba6 20. Rc1 Rxc7 21. Qxc7 Qb6 22. Qxb6 axb6 23. Rc6 Rc8 24. Rxb6 Bc4 25. Nc6 Kf8 26. Bd6+ Ke8 27. Nxa5 Bxa2 28. Rb7 Nd7 29. Ra7 f6 30. Nb7 Bc4 31. Ba3 Rc7 32. Ra8+ Kf7 33. Nd8+ Kg6 34. Nxe6 Rb7 35. Nf4+ Kf7 36. Rd8 Nb6 37. Rf8# 1-0